STN EN 13583: 2012 (72 7653) Hydroizolačné pásy a fólie. Asfaltované, plastové a gumové pásy a fólie na hydroizoláciu striech. Stanovenie odolnosti proti ľadovcu
Táto norma je slovenskou verziou európskej normy EN 13583: 2012. Preklad zabezpečil Slovenský ústav technickej normalizácie. Má rovnaké postavenie ako majú oficiálne verzie
| Korporatívny autor: | |
|---|---|
| Ďalší autori: | |
| Médium: | Kniha |
| Jazyk: | slovenčina angličtina |
| Fyzický popis: | 12 s. 30 cm |
| Vydavateľské údaje: |
Bratislava
Slovenský ústav technickej normalizácie
2012
|
| Predmet: |
MARC
| LEADER | 00000nam a2200000 a 4500 | ||
|---|---|---|---|
| 001 | vtls010477307 | ||
| 003 | SK-MaSNL | ||
| 005 | 20260302012642.0 | ||
| 008 | 130117s xo f u 000 0 slo | ||
| 015 | |a SNBN2013 | ||
| 020 | |c (cen. skup. 3) | ||
| 040 | |a SNK |b slo |c SNK |e AACR2 | ||
| 041 | 1 | |a slo |h eng | |
| 044 | |a xo |c SK | ||
| 046 | |a s |m 201212 (účin. ) | ||
| 072 | 7 | |a 692 |x Konštrukčné prvky a časti stavieb |2 konspekt | |
| 080 | |a 692.4 |2 2001 | ||
| 080 | |a 006.7/.8 |2 2001 | ||
| 080 | |a (437.6) |2 2001 | ||
| 080 | |a (4) |2 2001 | ||
| 080 | |a 699.8 |2 2001 | ||
| 084 | |a 91.100.50 |2 ICS | ||
| 130 | 0 | |a STN 72 7653 (STN EN 13583) |9 641016 | |
| 245 | 1 | 0 | |a STN EN 13583: 2012 (72 7653) Hydroizolačné pásy a fólie. Asfaltované, plastové a gumové pásy a fólie na hydroizoláciu striech. Stanovenie odolnosti proti ľadovcu |
| 246 | 1 | 0 | |a Hydroizolačné pásy a fólie |
| 246 | 1 | 0 | |a Asfaltované, plastové a gumové pásy a fólie na hydroizoláciu striech. Stanovenie odolnosti proti ľadovcu |
| 246 | 3 | 0 | |a EN 13583: 2012 E |
| 260 | |a Bratislava |b Slovenský ústav technickej normalizácie |c 2012 | ||
| 300 | |a 12 s. |c 30 cm | ||
| 500 | |a Súbežný názov v angličtine, francúzštine, nemčine | ||
| 500 | |a Táto norma nahrádza STN EN 13583 z novembra 2002 v celom rozsahu | ||
| 500 | |a Spracovateľ Icopal Štúrovo, Edit Tapló Kocsis | ||
| 504 | |a Citované normy, súvisiace právne predpisy s. 2 ; literatúra s. 11 | ||
| 520 | 8 | |a Táto norma je slovenskou verziou európskej normy EN 13583: 2012. Preklad zabezpečil Slovenský ústav technickej normalizácie. Má rovnaké postavenie ako majú oficiálne verzie | |
| 540 | |a STN vydané na akomkoľvek nosiči sa môžu rozmnožovať a rozširovať iba so súhlasom určenej právnickej osoby |b SÚTN Bratislava |c zákon 264/1999 Z. z. | ||
| 650 | 0 | 7 | |a strechy |2 SNKPH |9 1780 |
| 650 | 0 | 7 | |a technické normy a štandardy |z Slovensko |2 SNKPH |9 79594 |
| 650 | 0 | 7 | |a technické normy a štandardy |z krajiny Európskej únie |2 SNKPH |9 289341 |
| 650 | 0 | 7 | |a ochrana budov |2 SNKPH |9 4160 |
| 650 | 0 | 7 | |a Roofs |2 SNKPHeng |9 285885 |
| 655 | 7 | |a normy |2 SNKPH |9 70643 | |
| 700 | 1 | |a Tapló Kocsis, Edit |4 trl |9 318377 | |
| 710 | 2 | |a Icopal (Štúrovo, Slovensko) |4 aut |9 133459 | |
| 710 | 2 | |a Slovenský ústav technickej normalizácie (Bratislava, Slovensko). |b Technická komisia č. 103 Strechy a hydroizolácie |4 stn |9 334867 | |
| 852 | |a Štátna vedecká knižnica v Banskej Bystrici | ||
| 958 | |a OP | ||
| 958 | |a NB | ||
| 999 | |c 1010266 |d 1012196 | ||
| 952 | |a SNK |b SNK |y PREZ |7 0 |p 17A1058413 |o snkSTN EN 13583 |i snk2012/25948 |8 0 |0 0 |1 0 |4 0 |d 2012-12-18 |l 0 |r 2026-02-24 12:49:57 |w 2026-02-24 | ||
| 952 | |a SNK |b SNK |y PREZ |7 0 |p 17A1058414 |o snkSTN EN 13583 D1 |i snk2012/25949 |8 0 |0 0 |1 0 |4 0 |d 2012-12-18 |l 0 |r 2026-02-24 12:49:57 |w 2026-02-24 | ||


